[Event "3.RSCO"]
[Site "Rostock"]
[Date "2003.??.??"]
[Round "1"]
[White "London 32 Bit, Mephisto"]
[Black "Magellan, Mephisto"]
[Result "1/2-1/2"]
[WhiteElo "2227"]
[BlackElo "2195"]
[Annotator "Völschow,Michael"]
[PlyCount "142"]
[EventDate "2003.??.??"]
[EventRounds "10"]
[EventCountry "GER"]
[SourceDate "2003.03.19"]

1. d4 d5 2. c4 e6 3. Nf3 Nf6 4. Bg5 Be7 5. Nc3 O-O 6. e3 Nbd7 7. Rc1 c6 8. Bd3
dxc4 9. Bxc4 Nd5 10. Bxe7 Qxe7 11. Ne4 e5 12. dxe5 Nxe5 13. Nxe5 Qxe5 {*} 14.
Bxd5 cxd5 15. Nc3 {*} Be6 {-0,1} (15... Rd8 16. Qd4 Qxd4 17. exd4 Be6 18. Kd2
Rd6 (18... Rac8) 19. Nd1 Ra6 20. Nc3 Rb6 21. b3 Bd7 22. Nd1) 16. O-O {+0,39}
Rac8 17. Qa4 a6 18. Rfd1 Rc4 19. Qa5 Rfc8 20. Qb6 Qb8 21. g3 $6 (21. Ne2) 21...
R8c6 {+0,2} 22. Qa5 {15 min} R6c5 23. Qa3 Qc8 {+0,2} 24. Rd4 $2 {11 min} b5 {
+0,3} 25. Rxc4 Rxc4 26. b4 {-1,00} Bg4 {+0,5} 27. Kf1 Qc6 {+1,2} (27... Bf3)
28. h3 {-1,69} Bxh3+ 29. Ke1 d4 $2 {+1,9} (29... Bg4 $1 30. f3 Bxf3 31. Kd2 Bg4
32. Nd1 d4 33. Rxc4 Qxc4 34. Qd3 Qxb4+ 35. Kc1 Qe1 $19) 30. Ne2 Rxc1+ 31. Qxc1
Qxc1+ 32. Nxc1 dxe3 33. fxe3 g5 34. Nd3 Bc8 35. Nc5 Kg7 36. Kd2 h5 37. Ke2 Kg6
38. Kf3 Kf5 39. e4+ Ke5 40. Ke3 h4 41. gxh4 gxh4 42. Nd3+ Kf6 43. Kf4 Be6 44.
a3 Bc8 45. Nc5 Ke7 46. e5 Kd8 47. Ne4 Kc7 48. Nf6 Kc6 49. Kf3 Bh3 50. Nh5 Kc7
51. Nf4 Bc8 52. Kg2 Kc6 53. Kf2 Kd7 54. Kg1 Ke7 55. Kf2 f6 56. Ng6+ Kf7 57.
Nxh4 fxe5 58. Nf3 Ke6 59. Nd2 Kd5 {+0,9} 60. Ke3 Bf5 61. Nb3 {-1,18} Kc4 62.
Na5+ Kc3 63. Nc6 Kb3 {+2,5} (63... e4) 64. Nxe5 Kxa3 65. Nc6 Bd7 (65... Bh3 66.
Kd4 Bg2 67. Nb8 a5 68. bxa5 b4 69. Nd7 b3 70. Ne5 Bf1 71. Nf3 b2 72. Nd2 Kb4)
66. Ne5 Kxb4 67. Nxd7 Kc3 68. Nf6 a5 69. Nd5+ Kc4 70. Ne7 a4 {+2,2} 71. Kd2 {
-0,21} b4 {-0,3} 1/2-1/2

[Event "3.RSCO"]
[Site "Rostock"]
[Date "2003.??.??"]
[Round "2"]
[White "Magellan, Mephisto"]
[Black "London 32 Bit, Mephisto"]
[Result "0-1"]
[WhiteElo "2195"]
[BlackElo "2227"]
[Annotator "Völschow,Michael"]
[PlyCount "58"]
[EventDate "2003.??.??"]
[EventRounds "10"]
[EventCountry "GER"]
[SourceDate "2003.03.19"]

1. e4 e5 2. Nf3 Nc6 3. Bb5 a6 4. Ba4 Nf6 5. d4 exd4 6. O-O Be7 7. Re1 b5 8. Bb3
d6 9. Bd5 {*} Bd7 {*} 10. a4 {+0,3} Nxd5 {+0,39} 11. exd5 Ne5 12. axb5 axb5 13.
Rxa8 Qxa8 14. Nxe5 dxe5 15. Rxe5 {+0,4} f6 {+0,06} 16. Rxe7+ $2 {Mit +0,3
gespielt. Aber wo ist der Ausgleich für das Qualitätsopfer?} Kxe7 {+0,51} 17.
Qxd4 {-0,7, ah ja, wohl doch nicht so gut} Qa1 {+1,30} 18. Qe3+ Kd8 19. Na3 Re8
(19... b4) 20. Qd2 Re2 21. Qd1 b4 22. Nc4 Bb5 23. d6 c5 24. Ne3 b3 $1 {+1,63}
25. c3 Qb1 26. h3 Qd3 {+1,90} 27. Qxb3 {-1,5} (27. Qxd3 Bxd3 28. Kh2 Re1 29.
Bd2 Rb1 $19) 27... Re1+ 28. Kh2 Qxd6+ {+3,96} 29. g3 {-3,0} Bc6 0-1

[Event "3.RSCO"]
[Site "Rostock"]
[Date "2003.??.??"]
[Round "3"]
[White "London 32 Bit, Mephisto"]
[Black "Magellan, Mephisto"]
[Result "1/2-1/2"]
[WhiteElo "2227"]
[BlackElo "2195"]
[Annotator "Völschow,Michael"]
[PlyCount "78"]
[EventDate "2003.??.??"]
[EventRounds "10"]
[EventCountry "GER"]
[SourceDate "2003.03.19"]

1. e4 e6 2. d4 d5 3. Nc3 dxe4 4. Nxe4 Nd7 5. Nf3 Ngf6 6. Bg5 Be7 7. Nxf6+ Nxf6
8. Bd3 {*} b6 {*} 9. O-O {+0,30} O-O {-0,1} 10. Qe2 Bb7 11. Rad1 h6 12. Bf4 Bd6
13. Ne5 Nd5 14. Bg3 (14. Qe4 f5 15. Qf3 Nxf4 16. Qxf4 Qf6) 14... Nb4 15. Bc4
Nd5 16. c3 c5 17. dxc5 bxc5 (17... Bxc5) 18. Ng6 $6 {Der London möchte dem
Magellan in nichts nachstehen und bietet ebenfalls ein Opfer an. Mit +0,45
gespielt.} (18. f4 Bxe5 19. fxe5 Qg5 20. Rfe1 Nb6 21. Bd3 f6 22. exf6 Rxf6 23.
Qe5 Qxe5 24. Bxe5 Rf7 25. Bg6 $16) 18... Bxg3 (18... fxg6 $2 19. Qxe6+ Kh7 20.
Qxd6) 19. fxg3 (19. Nxf8 $4 {Kurzzeitig faßte der London das Schlagen ins Auge.
} Bxh2+ 20. Kxh2 Qh4+ 21. Kg1 Nf4) 19... Re8 20. Ne5 f6 21. Ng6 (21. Nd3 Qb6
22. Rfe1 Rad8 23. Qf2 Rc8 24. Nf4) 21... Qb6 22. Rf2 Rad8 23. Re1 a5 24. Nf4 {
+0,15} Nxf4 25. gxf4 Kh8 {+0,0} 26. Qh5 Re7 27. Qg6 Ba6 28. Bxa6 Qxa6 29. Qe4
Rd6 30. b3 Red7 31. Rfe2 Rc7 (31... Rd2 32. h3 Rxe2 33. Rxe2 Rd3 34. f5 exf5
35. Qxf5 Rd8 $11) 32. Qg6 c4 {+0,3} 33. Qe8+ {+0,00} Kh7 34. Rxe6 Qb6+ 35. Kf1
Rxe6 36. Rxe6 Qc5 37. Qd8 cxb3 38. Qd3+ {+0,00} Kg8 39. Qd8+ Kh7 1/2-1/2

[Event "3.RSCO"]
[Site "Rostock"]
[Date "2003.??.??"]
[Round "4"]
[White "Magellan, Mephisto"]
[Black "London 32 Bit, Mephisto"]
[Result "1/2-1/2"]
[WhiteElo "2195"]
[BlackElo "2227"]
[Annotator "Völschow,Michael"]
[PlyCount "118"]
[EventDate "2003.??.??"]
[EventRounds "10"]
[EventCountry "GER"]
[SourceDate "2003.03.19"]

1. e4 c6 2. Nf3 d5 3. Nc3 Bg4 4. h3 Bxf3 5. Qxf3 e6 {*} 6. Be2 Nf6 7. O-O {*}
dxe4 {+0,24} 8. Nxe4 {+0,1} Nxe4 9. Qxe4 Nd7 10. d4 Nf6 11. Qh4 Be7 12. c4 O-O
13. Rd1 Qd6 {-0,15} 14. Bg5 Rad8 15. Bf3 Rd7 16. a3 Qc7 17. b4 Rfd8 18. Bf4 Bd6
19. Bxd6 Rxd6 20. Ra2 R6d7 21. Rad2 a5 22. Qg5 axb4 23. axb4 h6 {+0,33} 24. Qc5
Qf4 25. Kh1 $6 {+0,0} (25. b5) 25... e5 26. d5 e4 27. Be2 cxd5 28. cxd5 Rd6 29.
Bc4 b6 30. Qe3 Qe5 31. b5 Ra8 32. Rd4 Qf5 33. Qe2 Ra3 34. Kg1 Qe5 35. Qb2 Ra8
36. Qd2 Rc8 37. Qe3 Rc7 38. Kh1 Ra7 39. Qc3 Rad7 40. Bb3 Qg5 41. Qc1 Qh4 42.
R1d2 Qf4 43. Qe1 Qe5 44. Rd1 Qf5 45. Qe3 Re7 46. Qd2 Rc7 47. Rc4 Rxc4 {Schade,
Chance vertan.} (47... Rxd5 48. Rxc7 Rxd2 49. Rxd2 Qxb5 50. Bxf7+ Kh7) 48. Bxc4
Nd7 49. Qe3 Ne5 50. Be2 Ng6 51. Rd4 Rxd5 52. Bg4 {+0,7} Qe5 53. Rxd5 Qxd5 {0,00
} 54. Qxb6 Ne5 55. Bc8 Nd3 56. Bb7 Nxf2+ $1 {Sichert das Remis.} 57. Kg1 Nxh3+
58. gxh3 Qd1+ 59. Kf2 Qf3+ 1/2-1/2

[Event "3.RSCO"]
[Site "Rostock"]
[Date "2003.??.??"]
[Round "5"]
[White "London 32 Bit, Mephisto"]
[Black "Magellan, Mephisto"]
[Result "1-0"]
[WhiteElo "2227"]
[BlackElo "2195"]
[Annotator "Völschow,Michael"]
[PlyCount "99"]
[EventDate "2003.??.??"]
[EventRounds "10"]
[EventCountry "GER"]
[SourceDate "2003.03.19"]

1. d4 Nf6 2. c4 e5 3. dxe5 Ng4 4. Bf4 Nc6 5. Nf3 Bb4+ 6. Nbd2 Qe7 7. e3 Ngxe5
8. Nxe5 Nxe5 9. Be2 d6 {*} 10. O-O O-O 11. Nb3 {*} Ng6 {-0,2} 12. Bg3 {+0,33}
Be6 13. a3 Bc5 14. Nxc5 dxc5 15. Qb3 c6 16. Rfd1 Rfd8 17. Qc3 Nh4 18. Bd3 {+0,
81} Bg4 19. Rd2 a5 20. f3 Nxf3+ $6 {-0,5} 21. gxf3 {+1,18} Qxe3+ {-1,1} 22. Bf2
Qxf3 23. Bxc5 Qh3 24. Re1 {+1,63} Bf3 25. Qe5 Qg4+ 26. Qg3 Re8 27. Rf1 Qxg3+
28. hxg3 Bh5 29. Bb6 h6 30. Bf5 Re5 31. g4 Bg6 32. Bxg6 fxg6 33. Rf4 Rf8 34.
Rxf8+ Kxf8 35. Kf2 {+1,96} h5 36. Rd8+ Ke7 37. Rb8 Re4 38. Rxb7+ Kf8 39. Bxa5
Rxc4 40. Rb4 {+3,24} Rc5 {-2,8} 41. Rb8+ Kf7 42. Bc3 hxg4 43. Kg3 Ke6 44. Kxg4
Rh5 45. Rb7 Rh1 46. Rxg7 Rg1+ 47. Kf3 Kd5 48. a4 Kc4 49. a5 Kb5 {-4,1} 50. Rb7+
{+4,66} 1-0

[Event "3.RSCO"]
[Site "Rostock"]
[Date "2003.??.??"]
[Round "6"]
[White "Magellan, Mephisto"]
[Black "London 32 Bit, Mephisto"]
[Result "1/2-1/2"]
[WhiteElo "2195"]
[BlackElo "2227"]
[Annotator "Völschow,Michael"]
[PlyCount "190"]
[EventDate "2003.??.??"]
[EventRounds "10"]
[EventCountry "GER"]
[SourceDate "2003.03.19"]

1. c4 e5 2. Nc3 Nf6 3. Nf3 Nc6 4. d4 $5 exd4 5. Nxd4 Bb4 6. Bg5 Qe7 7. e3 {*}
O-O 8. Be2 {*} h6 {-0,24} 9. Bh4 {-0,2} d6 10. Nxc6 bxc6 11. Qb3 Rb8 12. O-O
Bd7 13. Bf3 (13. Bd3) 13... Bc5 (13... g5 14. Bg3 h5 15. h4 g4 16. Bd1 Bxc3 17.
Qxc3 Ne4 18. Qa3 Nxg3 19. fxg3 Qe5) 14. Qc2 a6 15. a3 Qe5 16. b4 Bb6 17. Rfc1
c5 18. Bxf6 Qxf6 19. Nd5 Qd8 20. Rab1 Ba7 21. Rd1 Re8 22. Qd2 Ba4 23. Re1 {+0,1
} Qd7 24. bxc5 Bxc5 25. Qa5 Bc2 26. Rxb8 Rxb8 {-0,84} 27. Qxa6 Bd3 28. Ra1 Rb2
$2 {-0,66} (28... f5 29. h4 Kh7 30. h5 c6 31. Nb4 Rb6 32. Qa8 Be4) 29. Qa8+ {
+0,6} Kh7 30. Qf8 {+2,3} Ba7 31. Ne7 Rb8 32. Qxf7 Bc5 33. Qd5 Qxe7 34. Qxd3+
Kh8 35. a4 Qe5 36. Qd1 Rb4 37. Bd5 Qf6 38. Rb1 Rb2 39. Rxb2 Qxb2 40. h3 Bb6 41.
Qf3 Qa1+ 42. Kh2 Qe5+ 43. g3 Qf6 44. Qxf6 gxf6 45. Kg2 Kg7 46. Kf3 Ba5 47. Kg4
Be1 48. f3 Kg6 49. Be6 Bd2 50. Bf5+ Kf7 51. e4 Be1 52. Bd7 Ke7 53. Bc6 Kf7 54.
Bd5+ Kg6 55. h4 Kh7 56. h5 Ba5 57. Kf5 Kg7 58. g4 Bd2 59. Ke6 Ba5 60. Bc6 Be1
61. Ke7 Ba5 62. Bd7 Bb4 63. Ke8 Bc3 64. Bc8 Ba5 65. Bf5 Bb6 66. Be6 Ba5 67. f4
Bd2 68. Kd8 Ba5 69. Kd7 Kh7 70. Bf5+ Kg7 71. c5 Bb4 72. c6 Ba5 73. Be6 Kf8 74.
Ba2 Kg7 75. Ke7 Bd2 76. Be6 Bc3 77. Kd7 Ba5 78. Bc4 Kf8 79. Kd8 Bb6 80. Be2 Kf7
81. Bd3 Kg7 82. Bb1 Ba5 83. Bc2 Kf7 84. Bb3+ Kf8 85. Kd7 Kg7 86. Ke7 Bd2 87.
Kd8 Ba5 88. Bd5 Kf8 89. Kd7 Kg7 90. Kc8 Kf8 91. Kd8 Kg7 92. Bc4 Kf8 93. Kd7 Kg7
94. Ba2 Kf8 95. Bb1 Kf7 {Grauenvoll} 1/2-1/2

[Event "3.RSCO"]
[Site "Rostock"]
[Date "2003.??.??"]
[Round "7"]
[White "London 32 Bit, Mephisto"]
[Black "Magellan, Mephisto"]
[Result "1-0"]
[WhiteElo "2227"]
[BlackElo "2195"]
[Annotator "Völschow,Michael"]
[PlyCount "109"]
[EventDate "2003.??.??"]
[EventRounds "10"]
[EventCountry "GER"]
[SourceDate "2003.03.19"]

{Turnierbibi aus} 1. e4 c5 2. Nf3 d6 3. c3 Nf6 4. Be2 g6 {*} 5. O-O Bg7 6. Re1
Nbd7 {*} 7. Bc4 e6 8. d4 e5 9. dxe5 dxe5 10. Qd6 Bf8 11. Qd3 Bg7 12. Bg5 h6 13.
Bh4 O-O 14. Na3 g5 15. Bg3 Nh5 16. Rad1 Nxg3 17. hxg3 a6 18. Nc2 b5 19. Bd5 Ra7
20. Ne3 Qc7 21. Nf5 Nf6 22. a3 $2 (22. Nxg7 Kxg7 23. Qe3 g4 24. Nh4 Be6 25. Rd2
a5 26. c4 bxc4 27. Rc1 Qb6 28. Rxc4 Rd7 29. b3 Rfd8 30. Bxe6 fxe6 31. Rxd7+
Rxd7 32. Rxc5) 22... Bxf5 23. exf5 Re8 (23... c4) 24. Be4 Qc8 25. Qe2 Nxe4 26.
Qxe4 {-0,12} Rd7 {+0,4} 27. Rxd7 Qxd7 28. Re2 Bh8 29. Rd2 Qc7 30. a4 {+0,42}
Rb8 31. axb5 axb5 32. Qd5 Kf8 33. Qd6+ Qxd6 34. Rxd6 f6 $2 35. Nd2 {+0,39} c4 {
-0,5} 36. Ne4 Ke7 37. g4 Kf7 38. Kf1 (38. Rd7+ Kg8 39. Nc5 Bg7 40. Ne6 Bf8 41.
g3 b4 42. f4 gxf4 43. gxf4 exf4 44. Kg2 b3 45. Kf3 Ba3 46. Rd2 Kf7 47. Kxf4)
38... Ke7 39. Ra6 {+0,72} Bg7 40. Ra7+ Kf8 {-1,2} 41. Ke2 (41. Nc5) 41... Kg8
42. Ra6 Kf7 43. Nd6+ Ke7 44. Ra7+ $2 {+0,87} Kxd6 {+0,1} 45. Rxg7 {+0,78} Ra8
46. Rf7 Ra2 47. Rxf6+ Kc5 $2 (47... Kd7) 48. Rxh6 (48. Re6 Rxb2+ 49. Ke3 Kd5
50. Re8 b4 51. f6 bxc3 52. f7 c2 53. Kd2 $18) (48. f3) 48... Rxb2+ 49. Ke3 Rc2
{-0,8} 50. f6 (50. Rh8 Kd6 51. Rd8+) 50... Rxc3+ 51. Ke4 {+0,66} Rc2 52. f3 Kd6
53. Kf5 {+1,39} Rxg2 {-0,5} 54. f7+ {+1,78} Ke7 {-3,5} 55. Kg6 {+2,39} 1-0

[Event "3.RSCO"]
[Site "Rostock"]
[Date "2003.??.??"]
[Round "8"]
[White "Magellan, Mephisto"]
[Black "London 32 Bit, Mephisto"]
[Result "1/2-1/2"]
[WhiteElo "2195"]
[BlackElo "2227"]
[Annotator "Völschow,Michael"]
[PlyCount "95"]
[EventDate "2003.??.??"]
[EventRounds "10"]
[EventCountry "GER"]
[SourceDate "2003.03.19"]

1. e4 e5 2. f4 exf4 3. Be2 d5 4. exd5 Nf6 5. Nf3 {*} Be7 {*} 6. c4 c6 7. dxc6
Nxc6 8. d4 Bb4+ 9. Bd2 {+0,8} Bd6 10. Nc3 Bf5 11. Qb3 Nb4 12. Qa4+ Qd7 13.
Qxd7+ Bxd7 14. O-O Nc2 {-0,33} 15. Rac1 Ne3 16. Rfe1 O-O 17. Ng5 Bb4 18. a3 Ba5
19. b4 Bc7 20. Nge4 Nxe4 21. Nxe4 Bf5 22. Bf3 Rad8 23. Bxe3 fxe3 24. Nc3 Rxd4 {
0,00} 25. Nd5 Bd8 26. Nxe3 Bc8 27. Rcd1 Rxd1 28. Rxd1 Bg5 29. Kf2 Re8 30. Nd5
Bf5 31. Nc7 Rc8 32. Nb5 Rxc4 33. Nxa7 Rc2+ 34. Kg3 Rc4 35. h3 b6 36. Nb5 Bf4+
37. Kf2 Kf8 38. Bd5 Rc2+ 39. Kf3 Be5 40. Bb3 Rc8 41. a4 Ke7 42. Rd5 f6 43. Rd2
Rc1 44. Rd1 Rxd1 45. Bxd1 Bd7 46. Be2 Bc6+ 47. Kf2 Bxb5 48. Bxb5 1/2-1/2

[Event "3.RSCO"]
[Site "Rostock"]
[Date "2003.??.??"]
[Round "9"]
[White "London 32 Bit, Mephisto"]
[Black "Magellan, Mephisto"]
[Result "1-0"]
[WhiteElo "2227"]
[BlackElo "2195"]
[Annotator "Völschow,Michael"]
[PlyCount "105"]
[EventDate "2003.??.??"]
[EventRounds "10"]
[EventCountry "GER"]
[SourceDate "2003.03.19"]

1. e4 c5 2. Nf3 Nc6 3. d4 cxd4 4. Nxd4 Nf6 5. Nc3 d6 6. Bg5 e6 7. Qd2 Be7 8.
O-O-O O-O {*} 9. f4 h6 10. Bh4 {*} d5 11. e5 Ne4 (11... Nd7 12. Bf2 Nb6 13. Kb1
Bd7 14. g4 Na5) 12. Bxe7 Nxd2 13. Bxd8 Nxf1 14. Rhxf1 Rxd8 15. Ncb5 Kf8 {0,0}
16. Rf3 {+0,51} a6 17. Nd6 Rb8 18. Rb3 Na7 {-0,2} 19. Rc3 Ke7 20. f5 {+1,48}
Rxd6 21. exd6+ Kxd6 22. fxe6 Bxe6 23. Rb3 (23. Rg3 g5 24. Rf1) 23... Nc6 24.
Nxc6 Kxc6 25. a4 Bf5 26. Rf1 Bg6 27. a5 Re8 28. Kd2 Re4 29. Rff3 Rd4+ 30. Kc1
Kc7 31. Rfc3+ Kb8 32. Rb6 Bh5 33. b4 {+1,45} Re4 34. b5 (34. Rd6 Ka7 35. Rc8
Bg4 36. Rc7 Re6 37. Rd8 Re1+ 38. Kb2 Re4 39. Rxf7 Rxb4+ 40. Kc1 Rb5 41. Rxg7
Bf5 42. g4 Be4 43. Rdd7 Ka8 44. h4 Rxa5 45. Rxb7) 34... Be2 {-1,6} 35. Rd6 {+2,
27} Rc4 36. Rxc4 (36. Re3 Re4 37. b6 Kc8 38. Rc3+ Rc4 39. Rg3 Rg4 40. Rxg4 Bxg4
41. Rxd5) 36... Bxc4 37. bxa6 bxa6 38. Rd7 d4 39. Rxd4 Be6 40. Kd2 Kc7 41. Rb4
Bd7 42. Ke3 Bc8 43. Rb6 Bb7 44. g3 Bc8 45. Kd4 Bb7 46. c4 Bc8 47. c5 {+3,03} (
47. Kc5) 47... Kd7 48. Kd5 Kc7 49. c6 Be6+ 50. Kc5 Bc8 51. Rb2 h5 52. Re2 Be6
53. h4 {+4,78} 1-0

[Event "3.RSCO"]
[Site "Rostock"]
[Date "2003.??.??"]
[Round "10"]
[White "Magellan, Mephisto"]
[Black "London 32 Bit, Mephisto"]
[Result "0-1"]
[WhiteElo "2195"]
[BlackElo "2227"]
[Annotator "Völschow,Michael"]
[PlyCount "106"]
[EventDate "2003.??.??"]
[EventRounds "10"]
[EventCountry "GER"]
[SourceDate "2003.03.19"]

1. d4 Nf6 2. c4 e6 3. Nc3 d5 4. cxd5 exd5 5. Bg5 Be7 6. e3 O-O 7. Bd3 {*} Re8
8. Nf3 Nbd7 9. O-O c6 {*} 10. Re1 Nf8 11. Qc2 Ng6 12. Ne5 Bd6 13. Nxg6 hxg6 14.
Kh1 Bg4 15. f3 Be6 16. Rac1 {+0,6} Qd7 17. a3 Rac8 18. Qf2 Nh7 19. Bh4 Nf6 20.
b4 a6 21. Rc2 Nh5 22. Ra1 Bf5 23. Bxf5 gxf5 24. Rb1 Qe6 25. Rbc1 Qxe3 26. Qxe3
Rxe3 27. Nxd5 Rd3 28. Be7 Rxd4 {+1,09} 29. Bxd6 {-1,3} Rxd5 30. Be7 Nf4 31. Bg5
Nd3 32. Ra1 Re8 33. Bh4 f4 34. Kg1 Re3 {+1,21} 35. Bf2 Nxf2 36. Kxf2 Rdd3 37.
Re2 f5 (37... Rxa3 38. Rxa3 Rxa3 39. Re8+ Kh7 40. Rb8 Ra2+ 41. Kf1 Ra1+ 42. Ke2
b5 43. Rb6 Rh1 44. h3 Rg1 45. Rxa6 Rxg2+ 46. Kd3 Rb2) 38. Raa2 Kf8 {+1,51} (
38... Rxa3) 39. Red2 Rxd2+ 40. Rxd2 Rxa3 41. Rd7 b5 42. Rd4 {-1,3} a5 43. bxa5
Ra2+ 44. Kg1 Rxa5 45. Rxf4 g6 46. Rb4 c5 47. Rb1 b4 48. g4 f4 {+2,63} 49. h4
Ra3 50. Kf2 b3 {+3,51} 51. h5 c4 52. h6 {-2,5} Ra2+ 53. Kf1 {-4,1} Rh2 {+4,96}
0-1

[Event "3.RSCO"]
[Site "Rostock"]
[Date "2003.??.??"]
[Round "1"]
[White "Risc 2, Mephisto"]
[Black "London 32 Bit, Mephisto"]
[Result "1/2-1/2"]
[WhiteElo "2245"]
[BlackElo "2227"]
[Annotator "Völschow,Michael"]
[PlyCount "156"]
[EventDate "2003.??.??"]
[EventRounds "10"]
[EventCountry "GER"]
[SourceDate "2003.03.19"]

1. d4 Nf6 2. c4 g6 3. Nc3 Bg7 4. e4 d6 5. Nf3 O-O 6. Be2 e5 7. Be3 Na6 8. O-O
Ng4 9. Bg5 f6 10. Bc1 Kh8 11. h3 Nh6 12. dxe5 dxe5 {*} 13. Be3 {*} c6 {-0,72} (
13... Nf7 14. Qxd8 Nxd8) 14. Qa4 {+0,47} Qe7 {15:53 min} 15. Rfd1 Nf7 16. c5
Nc7 17. Rac1 Be6 18. b3 f5 19. Qa5 f4 20. Bd2 b6 21. Qb4 b5 $6 (21... Ng5 22.
Nxg5 Qxg5 23. cxb6 Bxh3 24. Bf1 axb6 25. Qxb6 Ne6 26. Ne2 c5) 22. Qa5 Rfd8 {-0,
33} 23. Be1 Rxd1 24. Rxd1 Nd8 25. b4 $2 (25. Nb1 Nb7 26. Qc3) 25... Nb7 {+0,72}
26. Qa3 a5 27. bxa5 Nxa5 28. Qb2 Qxc5 29. Ng5 Nc4 {+1,00} 30. Qc1 Bg8 31. Rd7
Ne6 32. Nxe6 Bxe6 33. Rd1 Bf6 34. Qc2 Nd6 35. Qd2 Be7 36. Qb2 Kg7 37. Bg4 Bxg4
38. hxg4 {-1,24} Ra3 {+1,84} 39. Rc1 Nc4 40. Qc2 {-1,27} Qa7 41. Rb1 h6 {+2,00}
42. Rb3 Bc5 43. Qd1 Nd6 44. Qc2 Ra6 45. Rb2 Nc4 {+2,33} 46. Rb3 Bd4 47. Qd1
Bxc3 48. Rxc3 Rxa2 49. Rb3 $2 Qd4 $1 {+3,45} 50. Rd3 {-2,11} Qa1 $1 (50... Qxe4
51. Rd8 Ra7 52. f3 Qe3+ 53. Bf2 Qa3 54. Bxa7 Qxa7+ 55. Kh2 Nb6 56. Qd6 $18) 51.
Bb4 Kf6 52. Qxa1 Rxa1+ 53. Kh2 Ra2 54. Bc5 Rd2 55. Rc3 Re2 56. f3 Rd2 57. Rc1
h5 58. gxh5 gxh5 59. Kh3 Ra2 60. Rd1 Ra8 61. Kh4 Rg8 62. Kh3 Rg3+ 63. Kh2 Rg6
64. Rd8 Ke6 65. Re8+ Kd7 66. Re7+ Kd8 67. Kh1 Rh6 68. Rf7 Kc8 69. Rf8+ Kd7 70.
Rf7+ Ke6 71. Rc7 Rh8 72. Bb4 Rg8 73. Rxc6+ Kd7 74. Rh6 Rg5 75. Rh7+ Kc6 76.
Rh6+ Kc7 77. Rh7+ Kb6 78. Rh6+ Kb7 1/2-1/2

[Event "3.RSCO"]
[Site "Rostock"]
[Date "2003.??.??"]
[Round "2"]
[White "London 32 Bit, Mephisto"]
[Black "Risc 2, Mephisto"]
[Result "0-1"]
[WhiteElo "2227"]
[BlackElo "2245"]
[Annotator "Völschow,Michael"]
[PlyCount "88"]
[EventDate "2003.??.??"]
[EventRounds "10"]
[EventCountry "GER"]
[SourceDate "2003.03.19"]

1. d4 Nf6 2. c4 e5 3. dxe5 Ng4 4. Nf3 Bc5 5. e3 Nc6 6. Be2 Ngxe5 7. O-O O-O {*}
8. Nc3 {*} d6 9. b3 Re8 10. Bb2 Bf5 11. Na4 Bb6 12. Rc1 Nd7 13. a3 Nc5 14. Nxc5
dxc5 15. Qd5 {+0,42} Qxd5 16. cxd5 Ne7 17. Rfd1 Rad8 18. Bb5 Rf8 19. Bc4 Be4
20. Be5 (20. Ne5 Bxd5 21. Bxd5 Nxd5 22. Nd3 Rfe8 23. Nxc5 Bxc5 24. Rxc5 Nf4 25.
Rxd8 Rxd8 26. h4) 20... Bxd5 21. Bxd5 Nxd5 22. e4 Ne7 23. h3 Rfe8 24. Rxd8 Rxd8
25. Kf1 {-0,54} Nc6 26. Bb2 (26. Bf4) 26... Na5 {+1,18} 27. b4 cxb4 28. axb4
Nb3 29. Rc2 a5 30. Be5 c5 31. bxa5 Bxa5 32. Bf4 b5 33. Ra2 c4 34. Ne5 Rc8 35.
Nf3 f6 {+2,35} 36. h4 Bc3 37. Bd6 b4 38. Ra7 {-2,42} Nc1 39. Bf4 Nd3 40. Bd6 b3
41. Rb7 Ra8 42. Ke2 b2 {+4,51} 43. Nd2 Bxd2 44. Kxd2 Ra1 0-1

[Event "3.RSCO"]
[Site "Rostock"]
[Date "2003.??.??"]
[Round "3"]
[White "Risc 2, Mephisto"]
[Black "London 32 Bit, Mephisto"]
[Result "1-0"]
[WhiteElo "2245"]
[BlackElo "2227"]
[Annotator "Völschow,Michael"]
[PlyCount "107"]
[EventDate "2003.??.??"]
[EventRounds "10"]
[EventCountry "GER"]
[SourceDate "2003.03.19"]

1. d4 Nf6 2. c4 e6 3. g3 d5 4. Bg2 dxc4 5. Nf3 c5 6. O-O Nc6 7. Qa4 Bd7 8. Qxc4
cxd4 9. Nxd4 Rc8 10. Nc3 Nxd4 11. Qxd4 Bc5 {*} 12. Qf4 {*} Bc6 13. Bxc6+ (13.
Rd1 Qb6) 13... Rxc6 14. Rd1 Qc8 15. Be3 O-O 16. Bxc5 Rxc5 17. e4 e5 18. Qe3 b6
19. f3 Qh3 20. Rd2 h6 21. Rad1 Rfc8 22. Qe2 Rc4 {-0,21} 23. Nb5 {+0,77} Ra4 24.
b3 (24. Nd6 Rc7 25. b3 Rb4 26. Nf5) 24... Ra5 25. Nd6 {+0,81} Rf8 {-0,63} 26.
Nc4 Rb5 27. Nb2 Ra5 {-0,12} 28. a4 Rc5 29. Nd3 Rc3 30. Nxe5 Qe6 31. Nc4 Rxb3
32. Rd6 Qc8 33. e5 Ne8 {-0,18} 34. R6d4 Qc6 (34... Qe6) 35. Ne3 Qc3 (35... Nc7)
36. Kf2 (36. Nd5) 36... Rb2 37. R1d2 Nc7 38. R4d3 Rxd2 39. Rxc3 Rxe2+ 40. Kxe2
Ne6 41. f4 Rd8 42. Nf5 Nd4+ $6 {-0,09} 43. Nxd4 Rxd4 44. Rc8+ Kh7 45. Rc7 Rxa4
{-0,09} 46. Rxf7 {+0,77} a6 {0,00} 47. Kd3 Kg8 48. e6 b5 49. f5 {+1,21} Ra3+
50. Kd4 Ra4+ 51. Ke5 Ra2 {-0,39 Der London scheint die Stellung nicht zu
verstehen. Die Partie ist klar verloren.} 52. Rd7 Kf8 53. Kd6 {+2,68} Rd2+ {-3,
18} 54. Kc7 1-0

[Event "3.RSCO"]
[Site "Rostock"]
[Date "2003.??.??"]
[Round "4"]
[White "London 32 Bit, Mephisto"]
[Black "Risc 2, Mephisto"]
[Result "1/2-1/2"]
[WhiteElo "2227"]
[BlackElo "2245"]
[Annotator "Völschow,Michael"]
[PlyCount "46"]
[EventDate "2003.??.??"]
[EventRounds "10"]
[EventCountry "GER"]
[SourceDate "2003.03.19"]

1. d4 d5 2. c4 dxc4 3. Nf3 Nf6 4. e3 e6 5. Bxc4 c5 6. Qe2 a6 7. O-O b5 8. Bb3
Bb7 9. Nc3 Nbd7 10. e4 cxd4 11. Nxd4 Bd6 12. Rd1 Qb8 13. g3 b4 14. Na4 O-O 15.
Bc2 {*} Rc8 {*} 16. Bg5 a5 17. Bd3 Be5 18. Bb5 Rc7 19. f3 Nc5 20. Nb6 {+0,15}
Ra7 21. Na4 (21. Nc4) 21... Ra8 22. Nb6 Ra7 23. Na4 Ra8 1/2-1/2

[Event "3.RSCO"]
[Site "Rostock"]
[Date "2003.??.??"]
[Round "5"]
[White "Risc 2, Mephisto"]
[Black "London 32 Bit, Mephisto"]
[Result "1-0"]
[WhiteElo "2245"]
[BlackElo "2227"]
[Annotator "Völschow,Michael"]
[PlyCount "121"]
[EventDate "2003.??.??"]
[EventRounds "10"]
[EventCountry "GER"]
[SourceDate "2003.03.19"]

1. d4 Nf6 2. c4 e6 3. Nf3 d5 4. Nc3 c6 5. e3 Nbd7 6. Bd3 dxc4 7. Bxc4 b5 8. Bd3
a6 9. e4 c5 10. e5 cxd4 11. Nxb5 Nxe5 12. Nxe5 axb5 13. O-O Qd5 14. Qe2 Ba6 15.
Bg5 Be7 16. f4 O-O 17. Rf3 Bb7 {*} 18. Rg3 Rfc8 {+0,93} 19. Bxh7+ $1 {-0,12}
Kf8 {+0,60} (19... Kxh7 20. Bxf6 gxf6 21. Qh5#) 20. b3 g6 $2 {+0,69} (20... d3
21. Rxd3 Bc5+ 22. Kf1 Qxg2+ 23. Qxg2 Bxg2+ 24. Kxg2 Nxh7) 21. Bxg6 fxg6 22.
Nxg6+ {+1,71} Ke8 {-1,63} 23. Nxe7 Kxe7 24. Qe5 Qxe5 25. fxe5 Rc2 26. Bxf6+ Kf8
27. a4 Rc3 28. Rg4 {+2,03} bxa4 29. bxa4 Rc4 30. Rf1 Rac8 31. Rg6 Rc1 32. Bg7+
Ke7 33. Bf8+ Kd8 34. Rxe6 Rxf1+ 35. Kxf1 Rc1+ 36. Ke2 Bxg2 37. a5 Bf1+ 38. Kd2
Ra1 39. Bb4 Ra2+ 40. Ke1 Bb5 41. Rd6+ Ke8 42. Bd2 d3 43. h3 Ra4 44. Kf2 Re4 45.
Bc3 Re2+ 46. Kf3 Rh2 47. e6 Rxh3+ 48. Kg4 Rh2 49. Bf6 Kf8 50. Rd8+ Be8 51. Rxd3
Rh6 52. Rf3 Bh5+ 53. Kg5 Bxf3 54. Kxh6 Be2 55. Kg5 Ke8 56. Kf5 Bc4 57. Ke5 Ba6
58. Kd6 Bc4 59. e7 Ba6 60. Kc5 Bd3 61. Kb6 {+4,30 und der RISC 2 hat bewiesen,
dass er das Endspiel versteht.} 1-0